Responses for Show #8463 - Wednesday, August 11, 2021

Matt Amodio game 16.
Champion's winnings & consolation amounts matched to KidSmart.

Contestants

[<< previous game]

Max Wagner, a musician originally from Chicago, Illinois

Brianna Weck, a community engagement manager from Arlington, Virginia

Matt Amodio, a Ph.D. student from New Haven, Connecticut (whose 15-day cash winnings total $475,600)

[next game >>]

Jeopardy! Round responses

LOCK TALK
AN AUGUST CATEGORY
3-SYLLABLE VERBS
COME OUT TO THE COAST
WE'LL GET TOGETHER
HAVE A FEW LAUGHS
    $200 29
the combination

Max
    $200 4
Alcatraz

Matt
    $200 22
estimate

Matt
    $200 30
(the) Gulf of Mexico

Matt
    $200 28
AOL

Matt
    $200 11
The Hangover

Max
    $400 24
valet

Matt
    $400 26
(Joe: Maryland Congressman David Lewis, correct.)

Social Security

Matt
    $400 17
synchronize

Matt
    $400 7
Colombia

Matt
    $400 25
Radcliffe

Matt
    $400 27
[Joe imitates the comedian when reading the quote.]
(Matt: What's Rickles?)
...
(Joe: Of course. You got it.)
(Max: No respect.)
(Joe: No respect from this kid.)

Rodney Dangerfield

MattMax
    $600 18
a blade

Brianna
    $600 23
Dover

Matt
    $600 16
supplement

Max
    $600 20
(Bay of) Bengal

Matt
    $600 19
Pittsburgh & Philadelphia

Matt
    $600 21
The Great North

Brianna
    $800 8
tumblers

Matt
    $6,000 14
(Matt: What's... dinosaur?)
(Joe: We're gonna need more specific.)
(Matt: What's...[*]?) [The times-up signal sounds.]

T. rex

Matt
    $800 15
enable

Max
    $800 9
Newfoundland and Labrador

Matt
    $800 10
(Matt: What's [**]?)
[Matt's response was ruled incorrect and the decision was reversed when the Daily Double was uncovered.]

a Cockapoo (Cockadoodle)

MattBrianna
    $800 12
Coming 2 America

Max
    $1000 2
shackle

Matt
    $1000 3
an icebreaker

Brianna
    $1000 13
(Matt: What's [Counts on his fingers] [*]?)

intersect

Matt
    $1000 1
Gabon

Matt
    $1000 6
(Matt: What's octane?)

ethanol

MattBrianna
    $1000 5
What We Do in the Shadows

Matt

Scores at the first commercial break (after clue 15):

Matt Brianna Max
$12,000 $2,800 $1,800

Scores at the end of the Jeopardy! Round:

Matt Brianna Max
$15,600 $4,000 $3,000

Double Jeopardy! Round responses

CHINA'S CULTURAL REVOLUTION
NAME THAT SHAKESPEARE PLAY
MATH
FRUITS & VEGETABLES
DEEPER CUTS ON THEIR ALBUMS
"ISH" LIST
    $400 28
[The end-of-round signal sounds.]

Communist Party

Matt
    $400 5
A Midsummer Night's Dream

Brianna
    $400 27
360 (degrees)

Matt
    $400 24
(Joe: What a talent, yes.)

Billie Eilish

Max
    $800 26
Khrushchev

Matt
    $800 6
Hamlet

Matt
    $2,000 20
inequality

Matt
    $800 22
the apricot

Triple Stumper
    $800 23
Eminem

Max
    $800 25
(Joe: [After the clue selection] We're under a minute.)

bishop

Matt
    $1200 17
Yangtze

Matt
    $1200 8
Romeo and Juliet

Matt
    $1200 13
ellipse

Matt
    $1200 4
an edamame bean (soybean)

Brianna
    $1200 18
Rolling Stones

Matt
    $1200 19
Mitsubishi

Matt
    $2,000 10
Little Red Book

Matt
    $1600 7
Othello

Matt
    $1600 11
(Matt: What's acme?)

the vertex

MattMax
    $1600 2
a leek

Brianna
    $1600 16
(Matt: Uh, what's, um... ohh... [Laughs])

No Doubt

MattBrianna
    $1600 14
(Matt: What's opium?)

hashish

MattMax
    $2000 21
(Deng) Xiaoping

Matt
    $2000 9
Titus Andronicus

Matt
    $2000 12
derivative

Matt
    $2000 3
(Brianna: Uh, what is a lychee?)

a mangosteen

Brianna
Triple Stumper
    $2000 15
(Max: Who is TLC?)

Genesis

Max
Triple Stumper
    $2000 1
varnish

Brianna

Scores at the end of the Double Jeopardy! Round:

Matt Brianna Max
$31,600 $8,800 $5,400
(lock game)

[wagering suggestions for these scores]

Final Jeopardy! Round responses

WORLD FLAGS
(Joe: [To Matt] You crossed out the correct response. The Federal Democratic Republic of [*].)
MaxWhat is Zimbabwe
$5,400
BriannaWhat is Liberia?
$2,001
MattWhat is Egypt Ethiopia?
$2,000
Ethiopia

Final scores:

Matt Brianna Max
$29,600 $6,799 $0
16-day champion: $505,200 2nd place: $2,000 3rd place: $1,000

Game dynamics:

Coryat scores:

Matt Brianna Max
$24,800 $8,800 $5,400
36 R
(including 3 DDs),
5 W
10 R,
1 W
10 R,
1 W

Combined Coryat: $39,000

[game clues] [game scores] [suggest correction]

Game tape date: 2021-05-04
The J! Archive is created by fans, for fans. Scraping, republication, monetization, and malicious use prohibited; this site may use cookies and collect identifying information. See terms. The Jeopardy! game show and all elements thereof, including but not limited to copyright and trademark thereto, are the property of Jeopardy Productions, Inc. and are protected under law. This website is not affiliated with, sponsored by, or operated by Jeopardy Productions, Inc. Join the discussion at JBoard.tv.